000 01184nam a2200241 a 4500
001 1326
003 BR-CuiBMT
005 20240326181515.0
008 231205s2003 msba 000 0 por d
040 _aBR-CuiBMT
_cBR-CuiBMT
080 _a328
_x(817.2)
_22007
090 _a328(817.2)
_bM433
245 0 0 _aMato Grosso :
_b139 municípios : prefeitos e vereadores no início do século XXI : 2001 - 2004 /
_c[organizador] Nilson Feitosa ; [fotografia Miguel Palácius].
260 _aCampo Grande :
_bNarçay e Silva,
_c2003.
300 _a192 p. :
_bil., color. ;
_c24x32 cm
500 _aHistórico das 139 cidades matogrossenses ; fotos dos 1451 vereadores e 139 prefeitos/vices ; 03 senadores - 08 deputados federais - 24 deputados estaduais secretários de estado - Conselheiros TC - Desembargadores TJ ; Lei de Responsabilidade fiscal e suas finalidades ; números de votos e partido dos eleitos em outubro 2000.
504 _aInclui bibliografia.
650 _aRepresentação política
_ySéculo XXI
_zMato Grosso
650 _aPolíticos mato-grossense
_xFotos
_ySéculo XXI
700 1 _aFeitosa, Nilson
_4org.
700 1 _aPalácius, Miguel
_efotógrafo
942 _2udc
_cLV
999 _c1326
_d1326